IRRI research paper series; 1991 Increasing rice yields through exploitation of Heterosis
Uloženo v:
| Hlavní autor: | |
|---|---|
| Médium: | Kniha |
| Jazyk: | Undetermined |
| Vydáno: |
Manila
IRRI
1991
|
| Témata: | |
| Tagy: |
Přidat tag
Žádné tagy, Buďte první, kdo otaguje tento záznam!
|
| Thư viện lưu trữ: | Trung tâm Học liệu Trường Đại học Cần Thơ |
|---|
| LEADER | 00546nam a2200193Ia 4500 | ||
|---|---|---|---|
| 001 | CTU_28953 | ||
| 008 | 210402s9999 xx 000 0 und d | ||
| 082 | |a 633.18 | ||
| 082 | |b I71rp/1991 | ||
| 100 | |a IRRI | ||
| 245 | 0 | |a IRRI research paper series; 1991 | |
| 245 | 0 | |b Increasing rice yields through exploitation of Heterosis | |
| 245 | 0 | |c IRRI | |
| 260 | |a Manila | ||
| 260 | |b IRRI | ||
| 260 | |c 1991 | ||
| 650 | |a rice - research | ||
| 904 | |i Nguyễn Quang Điền, 990309 | ||
| 980 | |a Trung tâm Học liệu Trường Đại học Cần Thơ | ||